Quizzes
Events
Quiz Creation
Community
Videos
Private Events
Remove Ads
Sign In
Join for FREE
Feedback
Dark Mode
Quiz Categories
Sports
Geography
Music
Movies
Television
Just For Fun
Miscellaneous
History
Literature
Language
Science
Gaming
Entertainment
Religion
Holiday
For Kids
Quiz Lab
Recent
Popular Today
Quiz Kudos Today
Editor Picks
Curator Picks
Quizzes by...
Day
Popularity
Type
Ratings
Length
Year
Community
Subscriptions
Recent Discussions
Orange Saloon
Badges
Playlists
Quests
Create
Leaderboards
Showdown
Live 5
Trivia Bingo
Activity
Puzzle Library
Sporcle Events
Private Events
Virtual Trivia
Globe League
Become a Host
Pub Owners
SporcleCon
Opinionation
Our Games
Videos
Blog
Mobile Apps
Partnerships
Remove Ads and Go Orange
Feedback
Television
TV Characters
TV Show
Sitcom
Network
Friends
Reality Shows
Cast
South Park
Star Trek
The Simpsons
Doctor Who
Television
TV Characters
TV Show
Sitcom
Network
Friends
Reality Shows
Cast
South Park
Star Trek
The Simpsons
Doctor Who
Random Quiz
Search Sporcle
×
Quiz Lab
Quiz Lab
Television
Show
Type in answers that appear in a list
Type in answers that appear in a list
Classic
Best Score? Go Orange.
TV Show Dimwits 3 (by pic) Stats
Can you name the tv show dimwits and the shows they were on?
By
dolphinspew
8m
32 Questions
231 Plays
231 Plays
231 Plays
Comments
Comments
Give Quiz Kudos
Give Quiz Kudos
-
- Ratings
hide this ad
More Info
Replay
Link that replays current quiz
Next Quiz
Link to next quiz in quiz playlist
You Got
0%
They Got
Avg Score
47%
Avg Friend Score
Upgrade to see
Score Distribution
Jump to the score distribution portion of the page
Score
0/32
Timer
08:00
0
Plays Today
% Correct
The Fresh Prince of Bel-Air
88.3%
King of the Hill
84%
Monk
79.7%
Happy Days
79.2%
Coach
70.6%
All in the Family
70.6%
Munsters
70.6%
Get Smart
70.1%
Dukes of Hazzard
67.5%
Family Ties
65.8%
Archie Bunker
64.9%
Maxwell Smart
61.5%
Perfect Strangers
55%
Herman Munster
55%
Glee
51.5%
Warren 'Potsie' Weber
51.1%
% Correct
Balki Bartokomous
45.5%
Step by Step
39.8%
Hilary Banks
39.8%
Mama's Family
34.6%
Irwin 'Skippy' Handelman
33.8%
Pawn Stars
32%
Luther or Dauber
30.3%
Bill Dauterive
29.4%
Cody Lambert
27.3%
Sheriff Rosco P. Coltrane
25.5%
Too Close for Comfort
20.8%
Finn Hudson
18.2%
Lieutenant Randy Disher
16.9%
Austin 'Chumlee' Russell
13.9%
Monroe Ficus
13.4%
Vinton 'Vint' Harper
8.7%
Quiz Playlist
Details
Report
Send in Message
Add To Playlist
More Info:
A lot of shows, especially sitcoms, have someone who is a dimwit. Name them and their show.
Classic:
Type in answers that appear in a list
Quiz Source
Last Updated: Feb 16, 2017
Quiz Scoreboard
CHALLENGE
Sign Up to Join the Scoreboard
Show All
Scores
Hide
Comments
May contain spoilers
Recently Published
Presidents Visiting Landmarks
by Hejman
History
7m
An Introduction to Baseball
by treessimontrees
Sports
5m
Movies - When Are They Set?
by FPL_Elf
Movies
5m
More to Explore
Quiz From the Vault
Featured Blog Post
Where Did the Easter Bunny Come From?
hide this ad
You Might Also Like...
Tags
Show Quiz
Image Quiz
Today's Top Quizzes in Television
Browse Television
hide this ad
Today's Top Quizzes in Show
Browse Show
Top Contributed Quizzes in Television
1
5-to-1: The Simpsons Families
2
One Piece Logic Puzzle
3
5-to-1: Television Doctors
4
7-to-1: TV Show Settings
5
5-to-1: Streaming Originals
6
Survivor Logic Puzzle: Heroes vs. Villains
7
Survivor Seasons
8
Survivor Season by Logo
9
One Thing in Common: Television
10
Survivor Trivia
Explore More
Trending Topics
Crossword
NBA
Harry Potter
Anime
Marvel
Disney
Kpop
Puzzle
Song
NFL
WWE
Country
Soccer
The Office
Pokémon
hide this ad
More By:
dolphinspew
Quiz
Plays
Rating
Category
Featured
Created
TV Show Dimwits 1 (by pic)
645
4.50
Television
Oct 4, 2010
TV Show Dimwits 2 (by pic)
425
4.20
Television
Oct 5, 2010
Clickable COD Maps
259
1.00
Gaming
Jul 2, 2012
TV Show Dimwits 3 (by pic)
231
4.25
Television
Oct 15, 2010
Sick by Shel Silverstein
45
Literature
Oct 23, 2010
Go to Creator's Profile
Score Distribution
Quiz Creator Spotlight
dolphinspew
Follow
Send a Message
Quizzes Created
-
Created Quiz Play Count
-
More By This Creator
Popular Quizzes Today
1
Find the US States - No Outlines Minefield
2
Find the Countries of Europe - No Outlines Minefield
3
The Countries of the World
4
Find the US States
5
Popular People in 1961
6
US States
7
Risky Map Clicking: Biggest States A-Z
8
Movies - When Are They Set?
More Television Quizzes
Homer Simpson: Enemy of the People II
Quiz Lab
Trending Quizzes
Risky Map Clicking: Least Populous States A-Z
1-10 Letter G Words
1-10 Letter F Words
Risky Map Clicking: Next State Alphabetically
Risky Map Clicking: Biggest States A-Z
Recently Updated
Leaping Animals
pecheneg
Reality TV Shows (A-Z)
bhenderson79
Rickey Henderson's Hall of Fame Teammates
pecheneg
Champions League XIs: Arsenal
pecheneg
Quick Pick: Celebrities in WWE's Hall of Fame
aduchscher
A-Z Keypad Blitz II
pecheneg
Multiple Oscar Actors
pecheneg
Mystery Phrase Blitz: Oscar 'Best Actors'
pecheneg
F. Scott Fitzgerald Novels
LTH
Pick 3 Villains
ddd62291
Trending Topics
Harry Potter
Marvel
Anime
NBA
Disney
Kpop
Crossword
NFL
Pokémon
Soccer
Song
The Office
Country
Puzzle
WWE
Your Account Isn't Verified!
In order to create a playlist on Sporcle, you need to verify the email address you used during registration. Go to your
Sporcle Settings
to finish the process.
Report this User
Report this user for behavior that violates our
Community Guidelines
.
Details:
Send Report
Go to the Sporcle.com Mobile Site →
Comments